Nieve en las venas
Uloženo v:
| Hlavní autor: | |
|---|---|
| Médium: | Kniha |
| Jazyk: | španělština |
| Vydáno: |
Santiago
Cuarto Propio
2004
|
| Vydání: | 1a. ed |
| Edice: | Narrativa
|
| Témata: | |
| Tagy: |
Přidat tag
Žádné tagy, Buďte první, kdo vytvoří štítek k tomuto záznamu!
|
MARC
| LEADER | 00000cam a2200000 a 4500 | ||
|---|---|---|---|
| 001 | UCG8220 | ||
| 003 | CL-VaPUC | ||
| 008 | 111202e20040000CL |||||||||||||||||spa|d | ||
| 020 | |a 9562603253 | ||
| 082 | 0 | 4 | |a Ch863 |b FRI |2 21 |
| 100 | 0 | |a Fritz, Ignacio |e author |9 559138 | |
| 245 | 1 | 0 | |a Nieve en las venas |
| 250 | |a 1a. ed | ||
| 300 | |a 158 p | ||
| 942 | |c BK | ||
| 945 | |d 20111202 00:00:00 |a cmena | ||
| 260 | |a Santiago |b Cuarto Propio |c 2004 | ||
| 500 | |a Amelia Letelier, una "dama de sociedad", fallece a causa de una sobredosis. La policía dictamina que se trata de un suicidio, pero el esposo duda y contrata a la abogada y detective privado Delfina Edith para que investigue las circunstancias que rodearon el fallecimiento | ||
| 650 | 0 | |a Novelas chilenas |9 265425 | |
| 650 | 0 | |a Literatura chilena |9 308278 | |
| 583 | |a last modification |c 20111202 14:14:00 |k Rodrigo Vera | ||
| 490 | 0 | |a Narrativa | |
| 999 | |c 345840 |d 345838 | ||
| 952 | |0 0 |1 0 |4 0 |6 CH_863_000000000000000_FRI_2004 |7 0 |8 A |9 446124 |a FDOPOS |b FDOPOS |d 2019-11-22 |i 4808134 |o Ch863 FRI 2004 |p 4808134 |r 2025-01-22 |w 2019-11-22 |y BK |k DLH | ||